000 00301nam a2200121Ia 4500
008 190216s9999||||xx |||||||||||||| ||und||
100 _aSzego G And Polya G
245 0 _aProblems And Theorms In Analysis
260 _bNarosa Pubs House
_c1972
300 _a389p
650 _aMathematics
942 _cBK
999 _c30955
_d30955